| 000 | 00611nam a2200169Ia 4500 | ||
|---|---|---|---|
| 008 | 110201s9999 xx 000 0 und d | ||
| 082 |
_bB1153 _aK 973 |
||
| 100 | _aकुलकर्णी मधुकर | ||
| 245 | _aमाणुस मोठा जिद्दीचा | ||
| 260 | _bआधार प्रकाशन | ||
| 365 | _b30 | ||
| 600 | _aकुलकर्णी मधुकर | ||
| 630 | _aमाणुस मोठा जिद्दीचा | ||
| 700 | _aकुलकर्णी मधुकर | ||
| 730 | _aमाणुस मोठा जिद्दीचा | ||
| 942 | _cBOOK | ||
| 999 |
_c828468 _d828465 |
||